Представление документа в формате RUSMARC

ПолеНазваниеЗначение
  Тип записи a
  Библиографический уровень a
001 Контрольный номер RU/CBS_Ul/BASE/457710401
005 Дата корректировки 20240209175141.2
100 Данные общей обработки __
a Данные общей обработки 20140703d2014 ||| 0rusy0189 ca
101 Язык документа 0_
a Язык текста rus
102 Страна публикации __
a Страна публикации RU
105 Кодированные данные (монография) __
a Кодированные данные (монография) y###||||000|y
200 Заглавие и сведения об ответственности 1_
a Заглавие После черных приходит режиссер
b Общее обозначение материала Текст
e Сведения, относящиеся к заглавию [об актере Леониде Ярмольнике и фильме А. Германа "Трудно быть богом" ]
f Первые сведения об ответственности В. Корецеий
300 Общие примечания __
a Общие примечания Ограничения по возрасту - 16+
461 Уровень набора _0
1 2000
a Русский репортер
463 Уровень физической единицы _0
1 001RU/CBS_Ul/BASE/457549073
1 2000
a №8 (27-6 марта)
v С. 30-33.
1 210
d 2014
600 Персоналии __
a Персоналии (Фамилия) Ярмольник
b Персоналии (Имя, инициалы) Л.И.
600 Персоналии _0
a Персоналии (Фамилия) Герман
b Персоналии (Имя, инициалы) А.Ю.
606 Тематические рубрики __
a Основная рубрика Кино в Российской Федерации - 21 в.
610 Ключевые слова 0_
a Ключевые слова российский кинематограф
a Ключевые слова кино
a Ключевые слова актеры
a Ключевые слова кинорежиссеры
686 Индексы других классификаций __
a Классификационный индекс 85.373(2)
2 Код системы ББК
700 Автор _1
a Фамилия Корецеий
b Имя (инициалы) В.
g Полное личное имя Василий
801 Источник записи _0
a Страна RU
b Организация МБУК ЦБС г. Ульяновска
c Дата составления 20140703
g Правила каталогизации RCR
801 Источник записи _1
a Страна RU
b Организация МБУК ЦБС г. Ульяновска
c Дата составления 20140703
g Правила каталогизации RCR
901 Тип документа __
t Тип документа b
w Контрольный № источника RU/CBS_Ul/BASE/457549073
910 Корректоры записи __
a Корректор записи Библиотека 8
938 Служебная информация __
a Имя БД period